| 000 | 00000nas 2200000za 4500 |
| 001 | 9.859569 |
| 003 | CaOODSP |
| 005 | 20251016135456 |
| 007 | cr ||||||||||| |
| 008 | 170725c20119999qucar p oss f0 b0fre|d |
| 040 | |aCaOODSP|bfre |
| 041 | 0 |aeng|afre |
| 043 | |an-cn--- |
| 086 | 1 |aEm1-13-PDF |
| 110 | 2 |aRégime de pensions du Canada. |
| 245 | 10|aCanada Pension Plan contributors report |h[ressource électronique] = |bCotisants du Régime de pensions du Canada. |
| 246 | 11|aCotisants du Régime de pensions du Canada|f2011-2015 |
| 246 | 1 |aRapport des cotisants au Régime de pensions du Canada|f2016- |
| 260 | |a[Gatineau (Québec)] : |bDirection générale de la sécurité du revenu et Développement social, Emploi et Développement social Canada. |
| 310 | |aAnnuel |
| 362 | 1 |aParaît depuis 2011? |
| 500 | |aEn majeure partie des tableaux. |
| 546 | |aTexte en englais et en français, faits saillants en français (2011-2015). |
| 692 | 07|2gccst|aPension |
| 692 | 07|2gccst|aDéveloppement social |
| 710 | 1 |aCanada. |bEmploi et développement social Canada. |
| 720 | 2 |aSecrétariat des politiques sur les aînés et les pensions (SPAP) |
| 780 | 00|tCanada Pension Plan contributors |w(CaOODSP)9.870510 |
| 791 | |tCanada Pension Plan contributors report |eeng|w(CaOODSP)9.859567 |